[Event "HUN-chT2 Toth 0506"]
[Site "Hungary"]
[Date "2005.11.27"]
[Round "4"]
[White "Varadi, Laszlo"]
[Black "Csuri, Mate"]
[Result "1-0"]
[WhiteElo "2173"]
[BlackElo "2064"]
[PlyCount "63"]
[EventDate "2005.10.16"]
[EventType "team"]
[EventRounds "11"]
[EventCountry "HUN"]
[SourceTitle "EXT 2009"]
[Source "ChessBase"]
[SourceDate "2008.11.26"]
[SourceVersion "1"]
[SourceVersionDate "2008.11.26"]
[SourceQuality "1"]
[WhiteTeam "GyD"]
[BlackTeam "Vasarhelyi"]
[WhiteTeamCountry "HUN"]
[BlackTeamCountry "HUN"]

1. e4 d5 2. exd5 Qxd5 3. Nc3 Qa5 4. d4 c6 5. Bd3 Bf5 6. Nf3 e6 7. 0-0 Bd6 8. Re1 Ne7 9. Ne5 0-0 10. Bf4 Bb4 11. Nc4 Qd8 12. a3 Bxd3 13. Qxd3 Nd5 14. Bd2 Be7 15. Ne5 Nd7 16. Ne4 N7f6 17. Rad1 Qb6 18. c4 Nxe4 19. Rxe4 Nf6 20. Rh4 Rad8 21. Bg5 g6 22. Qf3 Nd5 23. Qg4 f5 24. Qg3 Nf6 25. Bh6 Ne4 26. Rxe4 fxe4 27. Nxg6 Kf7 28. Ne5+ Ke8 29. Qg4 Rxd4 30. Bxf8 Rxd1+ 31. Qxd1 Kxf8 32. Nd7+ 1-0

[Event "HUN-chT2 Toth 0506"]
[Site "Hungary"]
[Date "2005.11.13"]
[Round "3"]
[White "Csuri, Mate"]
[Black "Kovacs, Arthur"]
[Result "1/2-1/2"]
[WhiteElo "2064"]
[BlackElo "2149"]
[PlyCount "35"]
[EventDate "2005.10.16"]
[EventType "team"]
[EventRounds "11"]
[EventCountry "HUN"]
[SourceTitle "EXT 2009"]
[Source "ChessBase"]
[SourceDate "2008.11.26"]
[SourceVersion "1"]
[SourceVersionDate "2008.11.26"]
[SourceQuality "1"]
[WhiteTeam "Vasarhelyi"]
[BlackTeam "Mako"]
[WhiteTeamCountry "HUN"]
[BlackTeamCountry "HUN"]

1. Nf3 Nf6 2. c4 e6 3. g3 d5 4. Bg2 Be7 5. 0-0 0-0 6. d3 b6 7. b3 Bb7 8. Bb2 c5 9. Nbd2 Nc6 10. e3 Qc7 11. Qe2 Rfd8 12. Rfd1 Rd7 13. Rac1 Rad8 14. cxd5 Nxd5 15. d4 cxd4 16. Nxd4 Nxd4 17. Bxd4 Qb8 18. Nc4 1/2-1/2

[Event "HUN-chT2 Maroczy 0203"]
[Site "Hungary"]
[Date "2003.01.19"]
[Round "5.11"]
[White "Restas, Peter"]
[Black "Csuri, Mate"]
[Result "1-0"]
[WhiteElo "2194"]
[BlackElo "2064"]
[PlyCount "69"]
[EventDate "2002.09.22"]
[EventType "team"]
[EventRounds "11"]
[EventCountry "HUN"]
[SourceTitle "EXT 2004"]
[Source "ChessBase"]
[SourceDate "2003.11.25"]
[SourceVersion "1"]
[SourceVersionDate "2003.11.25"]
[SourceQuality "1"]
[WhiteTeam "Mako"]
[BlackTeam "Vasarhelyi"]
[WhiteTeamCountry "HUN"]
[BlackTeamCountry "HUN"]

1. d4 g6 2. g3 Bg7 3. Bg2 d6 4. e4 Nd7 5. Ne2 e5 6. Nbc3 Ne7 7. 0-0 0-0 8. a4 h6 9. Be3 f5 10. Qd2 Kh7 11. Rad1 fxe4 12. Nxe4 Nb6 13. b3 Bg4 14. dxe5 dxe5 15. Nc5 c6 16. h3 Qxd2 17. Rxd2 Bxe2 18. Rxe2 Rab8 19. a5 Nbd5 20. Nd7 Nxe3 21. Nxf8+ Rxf8 22. fxe3 Nf5 23. Rd2 Nxe3 24. Rxf8 Bxf8 25. Rd7+ Kg8 26. Rxb7 Nxc2 27. Bxc6 Bb4 28. Be4 Bc5+ 29. Kf1 Ne3+ 30. Ke2 Nf5 31. Bxf5 gxf5 32. b4 Bd4 33. b5 Kf8 34. b6 axb6 35. a6 1-0